Unpriced values: decisions without market prices

Kaydedildi:
Detaylı Bibliyografya
Asıl Yazarlar: Sinden, John A (Yazar), Worrell, Albert Cadwallader (Yazar)
Materyal Türü: Kitap
Dil:İngilizce
Baskı/Yayın Bilgisi: Nueva York John Wiley 1979
Konular:
Etiketler: Etiketle
Etiket eklenmemiş, İlk siz ekleyin!

MARC

LEADER 00000nam a2200000 a 4500
001 UCY3856
003 CL-VaPUC
008 950119e19790000US |||||||||||||||||eng|d
082 0 4 |a 338.521  |b SIN  |2 21 
100 0 |a Sinden, John A  |e author  |9 332274 
700 0 |a Worrell, Albert Cadwallader  |e author  |9 332275 
245 1 0 |a Unpriced values: decisions without market prices 
300 |a 511 p 
942 |c BK 
945 |d 19950119 00:00:00  |a mfernand 
260 |a Nueva York  |b John Wiley  |c 1979 
650 0 |a Valor (Economía)  |9 270686 
650 0 |a Valoración  |9 271780 
650 7 |a EXTERNALIDADES ECONOMIA  |2 CL-VaPUC  |9 332276 
650 7 |a POLITICA AMBIENTAL TOMA DE DECISIONES  |2 CL-VaPUC  |9 332277 
583 |a last modification  |c 19950119 00:00:00  |k Rodrigo Vera 
999 |c 231899  |d 231897